Escuela del siglo XXI
Uloženo v:
| Hlavní autor: | |
|---|---|
| Médium: | Kniha |
| Jazyk: | španělština |
| Vydáno: |
Pamplona
EUNSA
1999
|
| Vydání: | 1a. ed |
| Edice: | Educación, 259
|
| Témata: | |
| Tagy: |
Přidat tag
Žádné tagy, Buďte první, kdo vytvoří štítek k tomuto záznamu!
|
MARC
| LEADER | 00000cam a2200000 a 4500 | ||
|---|---|---|---|
| 001 | UCF3699 | ||
| 003 | CL-VaPUC | ||
| 008 | 121025e19990300SP |||||||||||||||||spa|d | ||
| 020 | |a 8431316713 | ||
| 082 | 0 | 4 | |a 370.11 |b MAÑ |2 21 |
| 100 | |a Mañú Noain, José Manuel |e autor |9 573936 | ||
| 245 | 1 | 0 | |a Escuela del siglo XXI |
| 250 | |a 1a. ed | ||
| 300 | |a 201 p | ||
| 942 | |c BK | ||
| 945 | |d 20121025 00:00:00 |a dcastane | ||
| 260 | |a Pamplona |b EUNSA |c 1999 | ||
| 650 | 0 | |a Reforma educacional |9 256319 | |
| 650 | 0 | |a Calidad de la educación |9 307271 | |
| 583 | |a last modification |c 20121025 12:11:00 |k Rodrigo Vera | ||
| 490 | 0 | |a Educación, 259 | |
| 999 | |c 349878 |d 349876 | ||
| 952 | |0 0 |1 0 |4 0 |6 370_110000000000000_MAÑ_1999 |7 0 |8 A |9 452756 |a BIBEDU |b BIBEDU |d 2019-11-22 |i 4916913 |o 370.11 MAÑ 1999 |p 4916913 |r 2019-11-22 |w 2019-11-22 |y BK |k EPE | ||